Survivor Players By Hometown - Statistics

General Stats
  • This quiz has been taken 6 times
  • The average score is 8 of 30
Answer Stats
Hometown/Residence Contestant % Correct
Ajax, ON, Canada Maryanne Oketch
83%
Norwalk, CT Cirie Fields
67%
Keithville, LA Keith Nale
67%
Newton, MA Elisabeth Filarski
50%
Burlington, VT Kathy Vavrick-O'Brien
50%
Freehold, NJ Michele Fitzgerald
50%
Van Buren, AR Natalie White
50%
Hugo, MN Carolyn Wiger
33%
Tonganoxie, KS Danni Boatwright
33%
Laurel, MD Emily Flippen
33%
Franklin, NH Jenna Lewis-Dougherty
33%
Simsbury, CT Terry Deitz
33%
Golden, CO Ami Cusack
17%
Random Lake, WI Andrea Boehlke
17%
Susanville, CA Benjamin "Coach" Wade
17%
Solana Beach, CA Devon Pinto
17%
Ypsilanti, MI Erik Reichenbach
17%
Erwin, TN Gavin Whitson
17%
Springtown, TX Hayden Moss
17%
Waterford, MI Jon Misch
17%
Wantagh, NY Rob Cesternino
17%
Roy, UT Sierra Dawn Thomas
17%
Charles City, IA Susie Smith
17%
Rich Valley, VA Tom Buchanan
17%
Quartz Hill, CA Brian Heidik
0%
Fairview, NC Chase Rice
0%
Nesconset, NY Domenick Abbate
0%
Wilmington, NC Dreamz Herd
0%
Loveland, OH Lillian Morris
0%
Jackson, GA Teresa "T-Bird" Cooper
0%
No matching quizzes found
Score Distribution
Percent of People with Each Score
Percentile by Number Answered
Your Score History
You have not taken this quiz